Statistics for NBA nicknames by emoji

Click here to take the quiz!

General Stats

  • This quiz has been taken 1,344 times
    (1,335 since last reset)
  • The average score is 8 of 19

Answer Stats

HintAnswer% Correct
Goatmichael jordan
96%
Prince: Dark Skin Tonelebron james
85%
Image result for chef emojiStephen curry
72%
High Voltagedwane wade
53%
the greek freekgiannis antetokounmpo
52%
Admission Ticketskevin garnett
47%
Gemoji image for :envelope_with_arrowGemoji image for :mankarl malone
45%
Image result for glove emojigarry payton
43%
Man Health Worker on Apple Julius erving
40%
BIG Gemoji image for :ooscar robertson
40%
Image result for crane clawkawhi leonard
39%
Snowflake(ice)Bearded Person: Light Skin Tonegeorge gervin
38%
Pistolpete maravich
38%
Gemoji image for :birdGemoji image for :manchris anderson
37%
Gemoji image for :boyGemoji image for :chocolate_bar:jason williams
37%
Gemoji image for :snakekobe bryant
31%
Gemoji image for :babyglen davis
26%
Gemoji image for :earth_africaworld b. free
7%
Image result for chef emojiRobert Parish
1%

Score Distribution

Percentile by Number Answered

Percent of People with Each Score

Your Score History

You have not taken this quiz since the last reset